| 000 | 00585nam a2200229Ia 4500 | ||
|---|---|---|---|
| 005 | 20250508163752.0 | ||
| 008 | 008 250505s9999 xx 000 0 eng d | ||
| 020 | _a0333-55861-8 | ||
| 037 | _aReference | ||
| 040 |
_aFEDL _beng _cFEDL |
||
| 041 |
_aeng _2eng |
||
| 084 |
_a301, SWI _qFEDL |
||
| 100 | _aSwingewood Alan | ||
| 245 | 0 | _aShort history of sociological thought | |
| 250 | _a2 | ||
| 260 |
_aLondon, UK _bMacmillan _c1991 |
||
| 300 | _aix,348p. | ||
| 365 |
_aGBP _b13.99 |
||
| 650 | _aSociology | ||
| 942 |
_cREF _h301, SWI |
||
| 999 |
_c1385153 _d1385153 |
||